Martí, carne y espíritu / (Record no. 42020)

MARC details
000 -LEADER
campo de control de longitud fija 00719nam a2200205 i 4500
001 - NÚMERO DE CONTROL
campo de control 42020
003 - IDENTIFICADOR DE NÚMERO DE CONTROL
campo de control ES-MaACL
005 - FECHA Y HORA DE LA ÚLTIMA TRANSACCIÓN
campo de control 20231226160020.0
007 - CAMPO FIJO DE DESCRIPCIÓN FÍSICA--INFORMACIÓN GENERAL
campo de control de longitud fija t|
008 - DATOS DE LONGITUD FIJA--INFORMACIÓN GENERAL
campo de control de longitud fija 030312s1952 cu ||||1| spa d
100 1# - ENTRADA PRINCIPAL--NOMBRE DE PERSONA
Nombre de persona Carbonell y Rivero, Néstor.
9 (RLIN) 35074
245 10 - MENCIÓN DEL TÍTULO
Título Martí, carne y espíritu /
Mención de responsabilidad, etc. Néstor Carbonell.
250 ## - MENCION DE EDICION
Mención de edición Ed. homenaje a la República de Cuba en el cincuentenario de su independencia.
260 ## - PUBLICACIÓN, DISTRIBUCIÓN, ETC.
Lugar de publicación, distribución, etc. Habana :
Nombre del editor, distribuidor, etc. [s.n.],
Fecha de publicación, distribución, etc. 1952 (
Fabricante Imp. Seoane Fernández y Cía.)
300 ## - DESCRIPCIÓN FÍSICA
Extensión 2 v. :
Otras características físicas 1 lám. ;
Dimensiones 21 cm.
600 14 - PUNTO DE ACCESO ADICIONAL DE MATERIA--NOMBRE DE PERSONA
Nombre de persona Martí, José,
Fechas asociadas al nombre 1853-1895
9 (RLIN) 77189
651 #4 - PUNTO DE ACCESO ADICIONAL DE MATERIA--NOMBRE GEOGRÁFICO
Nombre geográfico Cuba-
Subdivisión general Historia-
Subdivisión cronológica 1895-1898, Guerra de la Independencia.
9 (RLIN) 8096
852 ## - LOCALIZACIÓN
Ubicación ES-MaACL
Número de control de estantería D-7446-47
Holdings
Estatus retirado Estado de pérdida Estado de daño No para préstamo Biblioteca de origen Biblioteca actual Ubicación en estantería Fecha de adquisición Fuente de adquisición Total de préstamos Signatura topográfica completa Código de barras Visto por última vez Precio de reemplazo Tipo de ítem Koha
        Biblioteca del Ateneo de Madrid Biblioteca del Ateneo de Madrid Sala Valle Inclán 17/01/2008     D-7446-47 901044231 23/02/2023 23/02/2023 Libro impreso